Países que bordean países que comienzan con U - Estadísticas

Estadísticas generales
  • Esta prueba ha sido intentada 100 veces
  • La puntuación promedio es 14 de 19
Estadísticas de respuestas
Países Países % Correcto
Uruguay Argentina
92%
Uruguay Brasil
91%
Ucrania Rusia
87%
Uganda Kenia
85%
Uganda Ruanda
84%
Uzbekistán Turkmenistán
79%
Uzbekistán Kazajistán
78%
Uganda Rep. Dem. del Congo
77%
Ucrania Bielorrusia
76%
Uzbekistán Kirguistán
72%
Ucrania Rumania
72%
Uzbekistán Tayikistán
72%
Ucrania Moldavia
68%
Uganda Tanzania
68%
Uganda Sudán del Sur
67%
Uzbekistán Afganistán
61%
Ucrania Hungría
57%
Ucrania Polonia
53%
Ucrania Eslovaquia
43%
No se encontraron pruebas coincidentes
Distribución de puntuación
Porcentaje de gente con cada puntuación
Porcentaje por número respondido
Historial de tus puntuaciones
No has intentado esta prueba.